| 000 | 00000nam##2200000za#4500 |
| 001 | 9.662486 |
| 003 | CaOODSP |
| 005 | 20210615120559 |
| 007 | ta |
| 008 | 150407|2000||||xxc||||| f|0| 0 fre|d |
| 020 | |a0-662-65464-1 |
| 040 | |aCaOODSP|bfre |
| 041 | |aeng |
| 041 | |afre |
| 043 | |an-cn--- |
| 086 | 1 |aSC94-80/2001 |
| 110 | 1 |aCanada.|bCentre canadien de gestion. |
| 245 | 10|aHorizontalité et gestion publique : |brapport final au Centre canadien de gestion, au Réseau du leadership, au Conseil des hauts fonctionnaires fédéraux du Québec et à l'École nationale d'administration publique / |cpar Jacques Bourgault et René Lapierre. |
| 260 | |aOttawa - Ontario : |bCentre canadien de gestion |c2000. |
| 300 | |aTexte français, vi, 38p. : |c28 cm. |
| 500 | |aDonnées de catalogage avant publication (Canada) imprimées dans cette publication. |
| 504 | |aBibliographie. |
| 546 | |aBilingue |
| 563 | |aReliure à anneaux |
| 590 | |a02-04|b2002-01-25 |
| 691 | 07|aFonction publique|2gcpds |
| 691 | 07|aGestion|2gcpds |
| 720 | 1 |aBourgault, Jacques |
| 720 | 1 |aLapierre, René |
| 776 | 0#|tHorizontalité et gestion publique : |w(CaOODSP)9.640022 |
| 776 | 0#|tHorizontality and public management : |w(CaOODSP)9.695902 |
| 791 | |tHorizontality and public management : |eeng|w(CaOODSP)9.662485 |